Paroles - Basique - Orelsan - Statistiques

Statistiques générales
  • Ce quiz a été pris 4 971 fois
  • Le résultat moyen est 276 sur 346
Statistiques - réponses
Réponse % Correct
basique
99%
Basique,
99%
(basique)
99%
Basique
99%
Si
99%
simple
98%
simple,
98%
(simple)
98%
Simple
98%
le
97%
Les
96%
les
96%
à
94%
a
94%
A
94%
de
93%
son
92%
des
91%
pas
91%
pas,
91%
sont
90%
que
89%
vous
89%
Vous
89%
con,
88%
et
87%
dauphins
86%
un
86%
un
85%
violeurs,
85%
la
84%
tu
84%
Tu
84%
c'est
81%
C'est
81%
plus
81%
trop
81%
bases
80%
êtes
80%
gens
80%
qui
80%
n'avez
79%
Parce
79%
parce
79%
apparences
78%
cons
77%
pour
77%
avec
76%
ceux
76%
mieux
76%
toujours
76%
intelligents
75%
parlent
74%
dans
73%
faire
73%
toi
73%
dis
72%
hommes
72%
du
71%
eux
71%
nazis,
71%
politiques
71%
Boss
70%
Hugo
70%
ou
70%
souvent
70%
souvent,
70%
as
69%
bien
69%
importance
69%
personnes
69%
sinon
69%
t'as
69%
t'en
69%
connais
68%
dire
68%
enfant
68%
films
68%
méchants
68%
ont
68%
style
68%
vot'rais
68%
Faut
67%
j'vais
67%
l'alcool,
67%
même
67%
mecs
66%
simples
66%
t'es
66%
tes
66%
tête
66%
trucs
66%
mentir
65%
problèmes,
65%
ça
64%
doivent
64%
d'problème
64%
mais
64%
FN
63%
habillait
63%
une
63%
vrai
62%
est
61%
Ok,
61%
ok
61%
faux
60%
méfie-toi
60%
p't-être
60%
tristes
60%
sur
58%
internet,
56%
seul
56%
deux
55%
l'problème,
55%
être
54%
rien
54%
très
54%
raciste
53%
d'être
52%
étranger,
52%
fine
52%
fous
52%
sert
52%
d'avoir
51%
Entre
51%
l'étranger,
51%
ligne
51%
sale
51%
globe
50%
moitié
50%
numéros
50%
richesses
50%
baiser ?
49%
j'ai
49%
l'ordre
49%
marqué
49%
avoir
48%
change
48%
ouais,
48%
possèdent
48%
Cent
47%
fait
47%
Illuminati
47%
principes
47%
quinté
47%
quoi
47%
t'fais
47%
qu'est-ce
46%
Toutes
43%
demandé
42%
disent
42%
instru
42%
n'importe
42%
générations
41%
s'ras
41%
celle
40%
(cliché)
39%
d'après
38%
Skread
38%
Aucun quiz correspondant
Distribution des résultats
% des personnes avec chaque résultat
Percentile par nombre de réponses
Votre historique - résultats
Vous n’avez pas pris ce quiz